Logo CIB grande

Materials For Civil And Construction Engineers (Registro nro. 236759)

Detalles MARC
000 -LEADER
campo de control de longitud fija 00510nam a2200193Ia 4500
005 - FECHA Y HORA DE LA ÚLTIMA TRANSACCIÓN
campo de control 20250425162813.0
008 - DATOS DE LONGITUD FIJA--INFORMACIÓN GENERAL
campo de control de longitud fija 250425s9999 xx 000 0 und d
020 ## - NÚMERO INTERNACIONAL ESTÁNDAR DEL LIBRO
Número Internacional Estándar del Libro 9780134320533
041 ## - CÓDIGO DE IDIOMA
--
Código de lengua original eng
082 ## - NÚMERO DE LA CLASIFICACIÓN DECIMAL DEWEY
Número de clasificación 624.18
Iniciales del Autor MAM
010 ## - NÚMERO DE CONTROL DE LA BIBLIOTECA DEL CONGRESO
Número de control de LC 109313
100 ## - ENTRADA PRINCIPAL--NOMBRE DE PERSONA
Nombre de persona Mamlouk, Michael S.
245 #0 - MENCIÓN DEL TÍTULO
Título Materials For Civil And Construction Engineers
Mención de responsabilidad, etc. Michael S. Mamlouk
260 ## - PUBLICACIÓN, DISTRIBUCIÓN, ETC.
Lugar de publicación, distribución, etc. New Jersey
Nombre del editor, distribuidor, etc. PERSON
Fecha de publicación, distribución, etc. 2017
300 ## - DESCRIPCIÓN FÍSICA
Extensión 650
Dimensiones 25 cm
650 ## - PUNTO DE ACCESO ADICIONAL DE MATERIA--TÉRMINO DE MATERIA
Término de materia o nombre geográfico como elemento de entrada materiales
700 ## - ENTRADA AGREGADA--NOMBRE PERSONAL
Nombre de persona Zaniewski, Jhon P.
942 ## - ELEMENTOS DE ENTRADA SECUNDARIOS (KOHA)
Tipo de ítem Koha Libros
Existencias
Estatus retirado Estado de pérdida Estado de daño No para préstamo Biblioteca de origen Biblioteca actual Fecha de adquisición Coste, precio normal de compra Etiqueta RFID Total de préstamos Código de barras Copia número Tipo de ítem Koha
        CENTRO DE INFORMACIÓN BIBLIOTECARIA CENTRO DE INFORMACIÓN BIBLIOTECARIA 27/08/2020 79.00 0000000000000000035233   80139 1 Libros
        CENTRO DE INFORMACIÓN BIBLIOTECARIA CENTRO DE INFORMACIÓN BIBLIOTECARIA 27/08/2020 79.00 0000000000000000035234   80246 2 Libros

Copyright 2025 ESPOL. Todos los derechos reservados.